[Event "ESP-ch U14 rapid"]
[Site "Salobrena"]
[Date "2023.07.22"]
[Round "3"]
[White "Llorente Bombin, Guillermo"]
[Black "Campos Saez, Sergio"]
[Result "0-1"]
[WhiteElo "1276"]
[BlackElo "1579"]
[PlyCount "72"]
[EventDate "2023.07.22"]
[EventType "swiss (rapid)"]
[EventRounds "9"]
[EventCountry "ESP"]
[SourceTitle "EXT 2024"]
[Source "ChessBase"]
[SourceDate "2023.10.10"]
[SourceVersion "1"]
[SourceVersionDate "2023.10.10"]
[SourceQuality "1"]

1. d4 Nf6 2. Bf4 e6 3. e3 b6 4. Bd3 Bb7 5. Nf3 d5 6. 0-0 Bd6 7. Bg3 0-0 8. Nbd2 Ne4 9. c3 f5 10. Ne5 Bxe5 11. Bxe5 Nd7 12. f4 Nxe5 13. fxe5 Qg5 14. Qe2 c5 15. Bxe4 fxe4 16. Rxf8+ Rxf8 17. Rf1 Rc8 18. Qf2 Qe7 19. Nb3 Ba6 20. Rc1 Bd3 21. h3 a5 22. a3 a4 23. Nd2 cxd4 24. exd4 Qg5 25. Re1 Rf8 26. Qe3 Qg6 27. Kh2 Qf5 28. Kg1 h5 29. Re2 Bxe2 30. Qxe2 h4 31. c4 Qf4 32. cxd5 exd5 33. Kh1 Qf2 34. Qd1 e3 35. Nf3 e2 36. Qe1 Qxe1+ 0-1

[Event "ESP-ch U14"]
[Site "Salobrena"]
[Date "2023.07.18"]
[Round "3"]
[White "Mata Medina, Andres"]
[Black "Llorente Bombin, Guillermo"]
[Result "1-0"]
[WhiteElo "1699"]
[BlackElo "1439"]
[PlyCount "59"]
[EventDate "2023.07.17"]
[EventType "swiss"]
[EventRounds "9"]
[EventCountry "ESP"]
[SourceTitle "EXT 2024"]
[Source "ChessBase"]
[SourceDate "2023.10.10"]
[SourceVersion "1"]
[SourceVersionDate "2023.10.10"]
[SourceQuality "1"]

1. c4 Nf6 2. Nc3 e6 3. e4 c5 4. e5 Ng8 5. f4 Nc6 6. Nf3 Nge7 7. d4 cxd4 8. Nb5 Nf5 9. Bd3 a6 10. Bxf5 axb5 11. Bd3 bxc4 12. Bxc4 d5 13. Bd3 Qa5+ 14. Bd2 Nb4 15. 0-0 Qb6 16. Bxb4 Bxb4 17. Kh1 Bd7 18. Ng5 g6 19. g4 Be7 20. a4 f5 21. gxf5 gxf5 22. Qh5+ Kd8 23. Nf7+ Kc7 24. Rfc1+ Bc6 25. Nxh8 Rxh8 26. Qf7 Kd7 27. Qg7 Qxb2 28. Rab1 Qd2 29. Rxb7+ Bxb7 30. Bb5+ 1-0